| 000 | 02403cam a22003378i 4500 | ||
|---|---|---|---|
| 001 | 22545983 | ||
| 003 | OSt | ||
| 005 | 20231004154612.0 | ||
| 006 | m |o d | | ||
| 007 | cr_||||||||||| | ||
| 008 | 220513s2023 nyu o 000 1 eng | ||
| 010 | _a 2022022930 | ||
| 020 | _z9780670098460 | ||
| 040 |
_aDLC _beng _cDLC _erda |
||
| 042 | _apcc | ||
| 050 | 0 | 0 | _aPR6068.U757 |
| 082 | 0 | 0 |
_a823.914 _bRUS/V |
| 100 | 1 |
_aRushdie, Salman. _eauthor. _96026 |
|
| 245 | 1 | 0 |
_aVictory city : _ba novel / _cSalman Rushdie. |
| 250 | _aFirst Edition. | ||
| 263 | _a2302 | ||
| 264 | 1 |
_aNew York : _bRandom House, _c[2023] |
|
| 300 | _a342 p | ||
| 520 |
_a"In the wake of an insignificant battle between two long-forgotten kingdoms in fourteenth-century southern India, a nine-year-old girl has a divine encounter that will change the course of history. After witnessing the death of her mother, the grief-stricken Pampa Kampana becomes a vessel for the goddess Parvati, who begins to speak out of the girl's mouth. Granting her powers beyond Pampa Kampana's comprehension, the goddess tells her that she will be instrumental in the rise of a great city called Bisnaga--literally "victory city"--the wonder of the world. Over the next two hundred and fifty years, Pampa Kampana's life becomes deeply interwoven with Bisnaga's, from its literal sowing out of a bag of magic seeds to its tragic ruination in the most human of ways: the hubris of those in power. Whispering Bisnaga and its citizens into existence, Pampa Kampana attempts to make good on the task that Parvati set for her: to give women equal agency in a patriarchal world. But all stories have a way of getting away from their creator, and Bisnaga is no exception. As years pass, rulers come and go, battles are won and lost, and allegiances shift, the very fabric of Bisnaga becomes an ever more complex tapestry--with Pampa Kampana at its center"-- _cProvided by publisher. |
||
| 588 | _aDescription based on print version record and CIP data provided by publisher; resource not viewed. | ||
| 655 | 7 |
_aNovels. _2lcgft |
|
| 776 | 0 | 8 |
_iPrint version: _aRushdie, Salman. _tVictory city _bFirst Edition. _dNew York : Random House, [2023] _z9780593243398 _w(DLC) 2022022929 |
| 906 |
_a7 _bcbc _corignew _d1 _eecip _f20 _gy-gencatlg |
||
| 942 |
_2ddc _cBK _h823.914 _iRUS/V _k823.914 _mRUS/V |
||
| 999 |
_c42515 _d42515 |
||